| 000 | 00695nam a2200229 i 4500 | ||
|---|---|---|---|
| 001 | 181442 | ||
| 003 | ES-MaACL | ||
| 005 | 20250721170601.0 | ||
| 008 | 130116s2010 sp | |||||||| |dspa d | ||
| 080 | _a913(460.358) | ||
| 080 | _a821.134.2-992"19" | ||
| 100 | 1 |
_aGoytisolo, Juan. _959422 |
|
| 245 | 1 | 0 |
_aCampos de Níjar / _cJuan Goytisolo. |
| 260 |
_a[Madrid] : _bDiario Público, _cD.L. 2010. |
||
| 300 |
_a139 p. ; _c18 cm. |
||
| 490 | 1 | _aVoces críticas | |
| 651 | 4 |
_aAlmería (Provincia)- _xDescripción. _9139225 |
|
| 830 | 0 | 0 |
_aVoces críticas _9191445 |
| 852 |
_aES-MaACL _jA-12449 _9188343 _bR.146853 _cDEPO1 _dOlim: N-5454 |
||
| 942 |
_2udc _cMONOGRAFIA |
||
| 999 |
_c181442 _d181442 |
||